ՀՀ Գիտությունների ազգային ակադեմիայի հիմնարար գիտական գրադարան  =   Fundamental Scientific Library of NAS RA

Якутские сказки : (Record no. 399727)

MARC details
000 -LEADER
fixed length control field 00964nam a22002057a 4500
003 - CONTROL NUMBER IDENTIFIER
control field AM-YeHGA
005 - DATE AND TIME OF LATEST TRANSACTION
control field 20250617153847.0
008 - FIXED-LENGTH DATA ELEMENTS--GENERAL INFORMATION
fixed length control field 180219s1964 |||||||| |||| 00| 0 rus d
040 ## - CATALOGING SOURCE
Original cataloging agency AM-YeHGA
041 0# - LANGUAGE CODE
Language code of text/sound track or separate title rus
-- sah
090 ## - LOCALLY ASSIGNED LC-TYPE CALL NUMBER (OCLC); LOCAL CALL NUMBER (RLIN)
-- 401896
245 00 - TITLE STATEMENT
Title Якутские сказки :
Remainder of title В двух томах/
Statement of responsibility, etc. АН СССР. Якутский филиал Сибирского отделения ин-т языка, литературы и истории.
260 ## - PUBLICATION, DISTRIBUTION, ETC.
Place of publication, distribution, etc. Якутск :
Name of publisher, distributor, etc. Якутское книжное изд-во,
Date of publication, distribution, etc. 1964-
300 ## - PHYSICAL DESCRIPTION
Extent том
500 ## - GENERAL NOTE
General note Загл. и текст на якутском и русск. языках
505 10 - FORMATTED CONTENTS NOTE
Miscellaneous information Т. 1 (1964, 308 с.)/
Statement of responsibility Изд. подгот. Г.У. Эргис.
653 0# - INDEX TERM--UNCONTROLLED
Uncontrolled term Якутские сказки
710 2# - ADDED ENTRY--CORPORATE NAME
Corporate name or jurisdiction name as entry element Ин-т языка, литературы и истории
Subordinate unit Якутский филиал Сибирского отделения АН СССР
942 ## - ADDED ENTRY ELEMENTS (KOHA)
Source of classification or shelving scheme Universal Decimal Classification
Koha item type Գրքեր / Books
Holdings
Withdrawn status Lost status Source of classification or shelving scheme Damaged status Not for loan Collection Home library Current library Date acquired Serial enumeration / chronology Total checkouts Full call number Barcode Date last seen Price effective from Koha item type Public note
    Universal Decimal Classification     General Fundamental Scientific Library Fundamental Scientific Library 19/02/2018 Т. 1   PIII/17372 FL0481284 19/02/2018 19/02/2018 Գրքեր / Books 30 Days Loan


ՀՀ ԳԱԱ հիմնարար գիտական գրադարան
ՀՀ,Երևան 0019
Մարշալ Բաղրամյան 24/6
հեռախոս:(374-10) 52-47-50
Հետադարձ կապ

All site content, except where otherwise noted, is licensed under a
Creative Commons License